000 01003cam a2200337 i 4500
003 EG-GICUC
005 20260316092228.0
008 960918s1996 enk fr 001 0 eng d
020 _a0421377909
020 _a9780421377905
035 _a(CStRLIN)CUBL96-B3599
040 _aCUL
_cCUL
_dDLC
_dEG-GICUC
_beng
_erda
043 _ae-uk---
050 0 0 _aKD4134
_b.J33 1996
082 0 0 _a341.83
_221
092 0 4 _221
099 _aLaw 12 1996
100 1 _aJackson, David C.
245 1 0 _aImmigration :
_blaw and practice /
_cby David Jackson.
264 _aLondon :
_bSweet & Maxwell,
_c1996.
300 _alxxv, 879 pages ;
_c26 cm.
336 _atext
_2rdacontent
337 _aComputer
_2rdamedia
338 _aOnline Resource
_2rdacarrier
500 _aIncludes index.
650 0 _aEmigration and immigration law
_zGreat Britain.
650 0 _aNoncitizens
_zGreat Britain.
856 4 0 _uhttps://fll.law.cu.edu.eg/fulltext/bks/ENGB12-00096.pdf
905 _a10
942 _2ddc
_cBK
_e21
_n0
999 _c66364
_d66364